000 00515nam a2200193Ia 4500
003 GCL
008 140319s9999 xx 000 0 eng d
040 _aGCL /
_cGCL
082 0 4 _a759
_bR P
100 1 _aRUBIN, WILLIAM
245 1 0 _aPICASSO AND PORTAITURE: REPRESENTATION AND TRANSFORMATION /
_cRUBIN, WILLIAM
260 _a[S.N] :
_bTHAMES AND HUDSON ،
_c1997
300 _a495 P
650 0 4 _aART
650 0 4 _aPAINTING
650 0 4 _aPAINTERS
650 0 4 _aPICASSO, PABLO, 1881 - 1973
942 _2ddc
_cBK
999 _c13929
_d13929